Blitz : (Record no. 82169)

MARC details
000 -LEADER
fixed length control field 00579nam a22001937a 4500
005 - DATE AND TIME OF LATEST TRANSACTION
control field 20140320122037.0
010 ## - LCCN (DPL NO)
LC control number ENG-109179
020 ## - INTERNATIONAL STANDARD BOOK NUMBER
International Standard Book Number 9788128005800
Terms of availability 195.00
035 ## - SYSTEM CONTROL NUMBER
System control number EN-92712
037 ## - SOURCE OF ACQUISITION
Source of stock number/acquisition DBAD/PUB
082 ## - DEWEY DECIMAL CLASSIFICATION NUMBER
Classification number 004.076
100 ## - MAIN ENTRY--PERSONAL NAME
Personal name Raveesh Mayya K.
245 ## - TITLE STATEMENT
Title Blitz :
Statement of responsibility, etc by Raveesh Mayya K.
Remainder of title the IT quiz book /
250 ## - EDITION STATEMENT
Edition statement 4th rev & enl. ed
260 ## - PUBLICATION, DISTRIBUTION, ETC. (IMPRINT)
Name of publisher, distributor, etc Sapna Book House
Date of publication, distribution, etc 2012
Place of publication, distribution, etc Bangalore
270 ## - ADDRESS
City Bangalore
Postal code 560009
Address 3rd Main Road, Gandhinagar
300 ## - PHYSICAL DESCRIPTION
Extent xiii,367p. :
Dimensions 22cm(pbk)
Other physical details ill.
942 ## - ADDED ENTRY ELEMENTS (KOHA)
Source of classification or shelving scheme Dewey Decimal Classification
Item type English Books
Call number suffix RAV
Classification part 004.076
Holdings
Withdrawn status Lost status Not for loan Collection code Home library Current library Date acquired Source of acquisition Cost, normal purchase price Full call number Barcode Copy number Cost, replacement price Koha item type
    Not For Loan Non-fiction D.B.Act.Division D.B.Act.Division 27/01/2014 DBAD/PUB 195.00 004.076 RAV EN-92712 1 195.00 English Books

© Delhi Public Library
Hit Counter
free hit counter